Zákon Národnej rady Slovenskej republiky č. 278/1993 Z.z. z 21. októbra 1993 o správe majetku štátu ...

Znenie zákona č. 278/1993 Z.z. z 21. októbra 1993 o správe majetku štátu v znení zákona č. 374/1996 Z.z. zákona č. 72/1999 Z.z. a zákona č. 121/2001 Z.z., Tento zákon upravuje správu majetku vo vlastníctve Slovenskej republiky vo verejnoprospešnej a nepodnikateľskej sfére, ktorú vykonáva správca maj...

ver descrição completa

Na minha lista:
Detalhes bibliográficos
Formato: Capítulo de Livro
Idioma:eslovaco
Assuntos:
Tags: Adicionar Tag
Sem tags, seja o primeiro a adicionar uma tag!

MARC

LEADER 00000naa a2200000 4500
001 r041701
005 20230926083952.4
041 0 |a slo 
044 |a SK 
245 1 0 |a Zákon Národnej rady Slovenskej republiky č. 278/1993 Z.z. z 21. októbra 1993 o správe majetku štátu ... 
520 |a Znenie zákona č. 278/1993 Z.z. z 21. októbra 1993 o správe majetku štátu v znení zákona č. 374/1996 Z.z. zákona č. 72/1999 Z.z. a zákona č. 121/2001 Z.z., Tento zákon upravuje správu majetku vo vlastníctve Slovenskej republiky vo verejnoprospešnej a nepodnikateľskej sfére, ktorú vykonáva správca majetku štátu. 
610 2 0 |a majetok štátny 
610 2 0 |a vlastníctvo štátne 
610 2 0 |a správa štátna 
610 2 0 |a Slovensko 
610 2 0 |a novelizácia 
610 2 0 |a zákony 
610 2 0 |a 1993-2001